| Tag |
First Indicator |
Second Indicator |
Subfields |
| LEADER |
00000cam a2200000 a 4500 |
| 001 |
in00000091170 |
| 005 |
20150923131424.0 |
| 008 |
820112s1981 wb a b 10000 eng d |
| 020 |
|
|
|a 3540111719 (Berlin)
|
| 020 |
|
|
|a 0387111719 (U.S.)
|
| 035 |
|
|
|a (OCoLC)08057217
|
| 035 |
|
|
|9 AAK6759AM
|
| 040 |
|
|
|a YSM
|c YSM
|d TXA
|d UtOrBLW
|
| 049 |
|
|
|a TXAM
|c [1806071]
|
| 090 |
|
|
|a QA3
|b L28 no. 898
|
| 245 |
0 |
0 |
|a Dynamical systems and turbulence, Warwick 1980 :
|b proceedings of a symposium held at the University of Warwick 1979/80 /
|c edited by D.A. Rand and L.-S. Young.
|
| 264 |
|
1 |
|a Berlin ;
|a New York :
|b Springer-Verlag,
|c 1981.
|
| 300 |
|
|
|a vi, 390 pages :
|b illustrations ;
|c 25 cm.
|
| 336 |
|
|
|a text
|b txt
|2 rdacontent
|
| 337 |
|
|
|a unmediated
|b n
|2 rdamedia
|
| 338 |
|
|
|a volume
|b nc
|2 rdacarrier
|
| 490 |
1 |
|
|a Lecture notes in mathematics ;
|v 898
|
| 504 |
|
|
|a Includes bibliographies.
|
| 650 |
|
0 |
|a System analysis
|v Congresses.
|
| 650 |
|
0 |
|a Bifurcation theory
|v Congresses.
|
| 650 |
|
0 |
|a Fluid mechanics
|v Congresses.
|
| 700 |
1 |
|
|a Rand, D. A.
|q (David A.)
|
| 700 |
1 |
|
|a Young, L.-S.
|q (Lai-Sang)
|
| 711 |
2 |
|
|a Symposium on Dynamical Systems and Turbulence
|d (1979-1980 :
|c University of Warwick)
|
| 830 |
|
0 |
|a Lecture notes in mathematics (Springer-Verlag) ;
|v 898.
|
| 999 |
|
|
|a MARS
|
| 999 |
f |
f |
|s d483b412-8ea1-3f00-9eda-0263afeb78e0
|i 627c1769-cd70-3155-bb53-cead3295b103
|t 0
|
| 952 |
f |
f |
|p ric
|a Texas A&M University
|b Rellis Campus
|c Joint Library Facility
|d Remote Storage
|t 0
|e QA3 .L28 no. 898
|h Library of Congress classification
|i unmediated -- volume
|m A14806019672
|
| 998 |
f |
f |
|a QA3 .L28 no. 898
|t 0
|l Remote Storage
|